The modern garden / (Record no. 75266)
[ view plain ]
| 000 -LEADER | |
|---|---|
| fixed length control field | 00869cam a2200301 a 4500 |
| 001 - CONTROL NUMBER | |
| control field | 75266 |
| 003 - CONTROL NUMBER IDENTIFIER | |
| rucl marc code | BD-RjUL |
| 005 - DATE AND TIME OF LATEST TRANSACTION | |
| control field | 20211209082651.0 |
| 008 - FIXED-LENGTH DATA ELEMENTS--GENERAL INFORMATION | |
| fixed length control field | 870723t19521936enka 000 0 eng d |
| 035 ## - SYSTEM CONTROL NUMBER | |
| System control number | (BD-RjUL)75484 |
| System control number | 2484588 |
| 040 ## - CATALOGING SOURCE | |
| Original cataloging agency | AUC |
| Language of cataloging | eng |
| Transcribing agency | AUC |
| 041 ## - LANGUAGE CODE | |
| Language code of text/sound track or separate title | eng |
| 043 ## - GEOGRAPHIC AREA CODE | |
| Geographic area code | e-uk-en |
| 082 ## - DEWEY DECIMAL CLASSIFICATION NUMBER | |
| Edition number | 23 |
| Classification number | 712.60942 |
| Author mark and year | TAM 1952 |
| 100 1# - MAIN ENTRY--PERSONAL NAME | |
| Personal name | Taylor, G. C. |
| Fuller form of name | (George Crosbie) |
| 9 (RLIN) | 227964 |
| 245 14 - TITLE STATEMENT | |
| Title | The modern garden / |
| Statement of responsibility, etc. | by G.C. Taylor ; illustrated from over 350 photographs. |
| 250 ## - EDITION STATEMENT | |
| Edition statement | Fifth edition |
| 260 ## - PUBLICATION, DISTRIBUTION, ETC. (IMPRINT) | |
| Place of publication, distribution, etc. | London : |
| Name of publisher, distributor, etc. | Country Life, |
| Date of publication, distribution, etc. | [1936].1952 |
| 300 ## - PHYSICAL DESCRIPTION | |
| Pagination | 224 Pages : |
| Illustrations | Ilutration |
| Size | 28 cm |
| 650 #0 - SUBJECT ADDED ENTRY--TOPICAL TERM | |
| Topical term or geographic name as entry element | Gardens |
| Geographic subdivision | England. |
| 9 (RLIN) | 227965 |
| Topical term or geographic name as entry element | Landscape gardening |
| Geographic subdivision | England. |
| 9 (RLIN) | 227966 |
| Topical term or geographic name as entry element | Gardening |
| 9 (RLIN) | 227967 |
| 942 ## - ADDED ENTRY ELEMENTS (KOHA) | |
| Source of classification or shelving scheme | Dewey Decimal Classification |
| Koha item type | Books |
| Lost status | Source of classification or shelving scheme | Damaged status | Not for loan | Collection code | Permanent Location | Current Location | Shelving location | Date acquired | Total Checkouts | Full call number | Date last seen | Copy number | Koha item type |
|---|---|---|---|---|---|---|---|---|---|---|---|---|---|
| Dewey Decimal Classification | Not For Loan | Non-fiction | Central Library, University of Rajshahi | Central Library, University of Rajshahi | Reading Room | 09/02/2019 | 712.60942 TAM 1952 | 09/02/2019 | C-1 | Books |